000 00418nam a2200181Ia 4500
008 170705s9999 xx 000 0 und d
020 _a9780531209264
245 _aTee ball /
245 _cMara Wil.
260 _aNew York :
260 _bScholastic,
260 _c2012
300 _a32 pages :
300 _bcolor illustration ;
300 _c18cm.
440 _aRookie read-about sports.
500 _a280
999 _c335437
_d335437